LEADER 01239nam a2200289 i 4500 001 991001242129707536 005 20020502185608.0 008 990906s1997 it ||| | ita 020 $a8881144956 035 $ab11484172-39ule_inst 035 $aPRUMB57386$9ExL 040 $aDUSS - Diploma Universitario in Servizio Sociale$bita 082 0 $a345.4502523 100 1 $aSclafani, Francesco$0230637 245 10$aIstigazione o aiuto al suicidio :$bprofili giuridici, criminologici, psicopatologici /$cFrancesco Sclafani, Ottaviano Giraud, Giuliano Balbi 260 $aNapoli [etc.] :$bEdizioni scientifiche italiane,$c1997 300 $a106 p. ;$c24 cm. 490 0 $aProfili giuridici, criminologici, psicopatologici 650 4$aIstigazione al suicidio$xAspetti giuridici 700 1 $aGiraud, Ottavio 700 1 $aBalbi, Giuliano$eauthor$4http://id.loc.gov/vocabulary/relators/aut$0236599 907 $a.b11484172$b01-03-17$c01-07-02 912 $a991001242129707536 945 $aLE024 DIR PEN IX 15$g1$i2024000017101$lle021$nex DUSS$o-$pE0.00$q-$rl$s- $t0$u2$v2$w2$x0$y.i11675317$z01-07-02 996 $aIstigazione o aiuto al suicidio$91451522 997 $aUNISALENTO 998 $ale021$b01-01-99$cm$da $e-$fita$git $h0$i1 LEADER 00993nam a2200253 i 4500 001 991000954099707536 008 050411s2005 it 000 0 ita d 020 $a8815102884 035 $ab1329829x-39ule_inst 040 $aDip.to Studi Giuridici$bita 082 0 $a338.70 100 1 $aHansmann, Henry$0240766 245 13$aLa proprieta dell'impresa /$cHenry Hansmann 260 $aBologna :$bIl Mulino,$cc2005 300 $axviii, 304 p. ;$c22 cm 440 0$aCollezione di testi e di studi.$pDiritto 650 4$aImprese$zStati Uniti d'America 907 $a.b1329829x$b02-09-09$c11-04-05 912 $a991000954099707536 945 $aLE029 338 HAN01.01$g1$i2029000006520$lle029$op$pE25.00$q-$rn$so $t0$u0$v0$w0$x0$y.i14287857$z08-09-06 945 $aLE027 338.70 HAN01.01$g1$i2027000095544$lle027$o-$pE25.00$q-$rl$s- $t0$u4$v1$w4$x0$y.i14047469$z11-04-05 996 $aProprieta dell'impresa$91104934 997 $aUNISALENTO 998 $ale029$ale027$b11-04-05$cm$da $e-$fita$git $h3$i2 LEADER 01398nam 2200349z- 450 001 9910689685803321 005 20161209102127.0 035 $a(CKB)4920000000817568 035 $a(BIP)008926386 035 $a(EXLCZ)994920000000817568 100 $a20220316c2003uuuu -u- - 101 0 $aeng 200 10$aJohn Allen Muhammad, document fraud, and the Western Hemisphere passport exception $ehearing before the Subcommittee on Immigration, Border Security, and Claims of the Committee on the Judiciary, House of Representatives, One Hundred Eighth Congress, first session, May 13, 2003 210 $cWashington: U.S. G.P.O. 215 $a1 online resource (iii, 61 p.) $cill 311 $a0-16-070349-2 517 $aJohn Allen Muhammad, document fraud, and the Western Hemisphere passport exception 606 $aPassports$zUnited States 606 $aInternational travel regulations$zUnited States 606 $aLegal documents$xForgeries$zUnited States 610 $aPassports 610 $aInternational travel regulations 610 $aLegal documents 610 $aTravel 610 $aLaw 615 0$aPassports 615 0$aInternational travel regulations 615 0$aLegal documents$xForgeries 906 $aBOOK 912 $a9910689685803321 996 $aJohn Allen Muhammad, document fraud, and the Western Hemisphere passport exception$93220981 997 $aUNINA